000 00993cam a22002295a 4500
001 L138731
008 070706s2007 xxk f 000 0 eng d
020 _a9781860819759
035 _a(Sirsi) u138731
041 0 _aeng
050 0 4 _a693.5 $2 18
100 1 _aRupasinghe, Rohan
245 0 0 _aFormwork for modern, efficient concrete construction
260 _aWatford
_bBRE Press
_c2007
300 _a24p.
_bill.
_c30cm.
520 _aDescribes the main types of concrete formwork systems that are available including table form/flying form, system column formwork, horizontal and vertical panel systems, jump form, slip form and tunnel form. Sets out their key features - process efficiency, safety and sustainability - in order to help construction professionals take full advantage of them.
590 _aKA
651 4 _aInternational
690 _aBUILT ENVIRONMENT-BUILDING MATERIALS-CEMENTITIOUS, CONCRETE AND MINERAL BOUND MATERIALS
700 1 _aNolan, Eanna
942 _n0
999 _c107238
_d107238